| 000 | 00568nam a2200169Ia 4500 | ||
|---|---|---|---|
| 999 |
_c34957 _d34957 |
||
| 003 | OSt | ||
| 005 | 20200515090759.0 | ||
| 008 | 190216s9999||||xx |||||||||||||| ||und|| | ||
| 040 | _coclc | ||
| 082 |
_a297.23 _bLAR/R |
||
| 100 |
_a Lari, Sayyid Mujtaba Musavi _92231 |
||
| 245 | 0 |
_aResurrection Judgement And The Hereafter : _bLessons On Islamic Doctrine / _cSayyid Mujtaba Musavi Lari |
|
| 260 |
_bBook Room, _c1992. |
||
| 300 | _a251p | ||
| 650 | 0 |
_aHistory & geography _vIslamic History _92271 |
|
| 942 |
_cBK _2ddc _h297.23 _iLAR/R _k297.23 _mLAR/R |
||